Celebración : crónica dl general que cumplía cien años (igual que la patria y de las imprevistas aventuras que sucedieron en aquel día memorable /

Guardado en:
Autor Principal: Orgambide, Pedro
Formato: Libro
Publicado: Buenos Aires : Colihue, 2014
Series:La movida / Pablo de Santis
Materias:
Etiquetas: Agregar Etiqueta
Sin Etiquetas, Sea el primero en etiquetar este registro!
LEADER 00834nam a22002415a 4500
001 CEM.cems015258
005 20191030154558.0
008 130507s2014##################000#0#####d
003 CEMS
020 |a 9789876848190 
082 0 4 |a A863.4 
100 1 |a Orgambide, Pedro 
245 1 0 |a Celebración :  |b crónica dl general que cumplía cien años (igual que la patria y de las imprevistas aventuras que sucedieron en aquel día memorable /  |c Pedro Orgambide 
260 |a Buenos Aires :  |b Colihue,  |c 2014 
300 |a 96 p. 
490 0 |a La movida / Pablo de Santis 
653 |a Literatura 
653 |a Literatura argentina 
653 |a Literatura infantil 
653 |a Novela 
653 |a Novelas infantiles 
653 |a Colección ciencias de la educación 
859 |a CEMS  |b BIB. CEMS - Ccias. Educacion  |h A863.4  |i Or351  |k CE  |p 28484.19  |t Ej.1